00673nam a2200241 a 4500001001300000003000900013005001700022008004100039020001000080082001500090100002300105245001900128260004800147300000900195500003500204505001700239650002700256700002300283902000800306942000700314952009500321999001500416nice12345678IN_TiNIC20260116012114.0050524s1874 newa grp 000 0 eng  ac10000a232.9bFAR aFarrar, Frederic W aLife of Christ aNew YorkbLovell, Coryell and Companyc1874 a752p aincludes index and biblioraphy2 aBibliography aJesus Christ-Biography1 aFarrar, Frederic W bSRS cBK 00104070aHMIbHMId2007-06-18g100.00l0o232.9 FARp8306r2007-06-18w2026-01-16yARB c5658d5658